[Event "Göteborg Open 2015"]
[Site "Biblioteksgatan 2, Mölnlycke, Sweden"]
[Date "2015.08.14"]
[Round "1.1"]
[White "Segerfelt, Louise"]
[Black "Rozentalis, Eduardas"]
[Result "0-1"]
[BlackElo "2528"]
[WhiteElo "1885"]
[LiveChessVersion "1.4.6"]

1. e4 {[%clk 0:15:06]} e6 {[%clk 0:15:08]} 2. d4 {[%clk 0:15:08]} d5
{[%clk 0:15:12]} 3. Bd3 {[%clk 0:15:10]} dxe4 {[%clk 0:14:52]} 4. Bxe4
{[%clk 0:15:13]} Nf6 {[%clk 0:14:56]} 5. Bf3 {[%clk 0:15:16]} Be7
{[%clk 0:14:54]} 6. Ne2 {[%clk 0:15:12]} O-O {[%clk 0:14:53]} 7. O-O
{[%clk 0:15:11]} c5 {[%clk 0:14:55]} 8. Be3 {[%clk 0:14:49]} cxd4
{[%clk 0:14:46]} 9. Bxd4 {[%clk 0:14:21]} Nc6 {[%clk 0:14:41]} 10. Be3
{[%clk 0:13:45]} Ne5 {[%clk 0:14:09]} 11. Nd4 {[%clk 0:12:23]} Nc4
{[%clk 0:12:52]} 12. Bc1 {[%clk 0:11:23]} e5 {[%clk 0:12:06]} 13. Be2
{[%clk 0:09:49]} Nxb2 {[%clk 0:10:39]} 14. Bxb2 {[%clk 0:09:46]} exd4
{[%clk 0:10:42]} 15. Bxd4 {[%clk 0:09:26]} Bf5 {[%clk 0:10:03]} 16. c3
{[%clk 0:09:04]} Qc7 {[%clk 0:09:40]} 17. Nd2 {[%clk 0:08:11]} Rad8
{[%clk 0:09:27]} 18. Qa4 {[%clk 0:07:25]} b6 {[%clk 0:09:02]} 19. Nf3
{[%clk 0:06:46]} Nd5 {[%clk 0:08:50]} 20. Rac1 {[%clk 0:06:08]} Bd6
{[%clk 0:08:06]} 21. Qc4 {[%clk 0:05:24]} Nf4 {[%clk 0:07:51]} 22. Rfe1
{[%clk 0:04:16]} Qxc4 {[%clk 0:07:18]} 23. Bxc4 {[%clk 0:04:19]} Bd3
{[%clk 0:07:20]} 24. Bb3 {[%clk 0:03:35]} Ne2+ {[%clk 0:07:22]} 25. Kh1
{[%clk 0:03:36]} Nxc1 {[%clk 0:07:24]} 26. Rxc1 {[%clk 0:03:39]} Bf4
{[%clk 0:07:13]} 27. Re1 {[%clk 0:03:32]} Rfe8 {[%clk 0:07:10]} 28. Rxe8+
{[%clk 0:02:59]} Rxe8 {[%clk 0:07:13]} 29. g3 {[%clk 0:02:50]} Be4
{[%clk 0:07:11]} 30. Kg2 {[%clk 0:02:50]} Be5 {[%clk 0:06:56]} 31. Bd1
{[%clk 0:02:43]} Bxd4 {[%clk 0:06:55]} 32. cxd4 {[%clk 0:02:46]} Rd8
{[%clk 0:06:57]} 33. Kh3 {[%clk 0:02:42]} Bxf3 {[%clk 0:06:59]} 34. Bxf3
{[%clk 0:02:44]} Rxd4 {[%clk 0:07:02]} 0-1

[Event "Göteborg Open 2015"]
[Site "Biblioteksgatan 2, Mölnlycke, Sweden"]
[Date "2015.08.14"]
[Round "1.2"]
[White "Blomqvist, Erik"]
[Black "Hägglund, Lars"]
[Result "1-0"]
[BlackElo "1880"]
[WhiteElo "2508"]
[LiveChessVersion "1.4.6"]

1. Nf3 Nf6 2. c4 g6 3. Nc3 Bg7 4. g3 d6 5. d4 c6 6. Bg2 O-O 7. O-O Qa5 8. h3 Qa6
9. b3 Nbd7 10. Bb2 Qa5 11. e4 e5 12. Re1 Re8 13. Qd2 a6 14. Rad1 b5 15. c5 dxc5
16. dxe5 Nxe5 17. Nxe5 Rxe5 18. Nxb5 Qxd2 19. Rxd2 Re7 20. Nd6 Be6 21. Ba3 Nd7
22. Rc1 Bd4 23. Nb7 Ree8 24. Nxc5 Bxc5 25. Bxc5 Ne5 26. f4 Nd7 27. Bd6 Rec8 28.
Rdc2 f5 29. exf5 Bxf5 30. Rxc6 Nf6 31. Be5 Ne8 32. Kf2 Rd8 33. Ke2 Bd3+ 34. Ke3
Bb5 35. R6c3 Ra7 36. a4 Bd7 37. Bd4 Nd6 38. Bxa7 Re8+ 39. Ke4 1-0

[Event "Göteborg Open 2015"]
[Site "Biblioteksgatan 2, Mölnlycke, Sweden"]
[Date "2015.08.14"]
[Round "1.3"]
[White "Sjöstrand, Joel"]
[Black "Westerberg, Jonathan"]
[Result "0-1"]
[BlackElo "2464"]
[WhiteElo "1877"]
[LiveChessVersion "1.4.6"]

1. c4 {[%clk 0:15:08]} g6 {[%clk 0:14:46]} 2. g3 {[%clk 0:15:07]} Bg7
{[%clk 0:14:50]} 3. Bg2 {[%clk 0:15:10]} d6 {[%clk 0:14:34]} 4. Nc3
{[%clk 0:14:52]} Nc6 {[%clk 0:14:19]} 5. Nf3 {[%clk 0:14:41]} e5 {[%clk 0:14:16]}
6. e4 {[%clk 0:14:43]} f5 {[%clk 0:13:36]} 7. d3 {[%clk 0:13:58]} Nf6
{[%clk 0:13:34]} 8. O-O {[%clk 0:13:27]} O-O {[%clk 0:13:33]} 9. h3
{[%clk 0:12:48]} h6 {[%clk 0:11:00]} 10. Be3 {[%clk 0:12:23]} f4 {[%clk 0:10:22]}
11. gxf4 {[%clk 0:12:16]} exf4 {[%clk 0:10:25]} 12. Bxf4 {[%clk 0:11:40]} Nxe4
{[%clk 0:10:13]} 13. Qc1 {[%clk 0:09:38]} g5 {[%clk 0:08:16]} 14. Nxe4
{[%clk 0:08:10]} Rxf4 {[%clk 0:08:19]} 15. h4 {[%clk 0:07:11]} Qf8
{[%clk 0:08:07]} 16. hxg5 {[%clk 0:06:57]} Rxf3 {[%clk 0:08:10]} 17. gxh6
{[%clk 0:07:00]} Bxh6 {[%clk 0:08:14]} 18. Ng5 {[%clk 0:06:01]} Nd4
{[%clk 0:06:32]} 19. Re1 {[%clk 0:03:18]} Rf5 {[%clk 0:03:15]} 20. Qe3
{[%clk 0:01:10]} Rxg5 {[%clk 0:03:18]} 21. Qxd4 {[%clk 0:01:10]} Bh3
{[%clk 0:03:21]} 22. Qh4 {[%clk 0:00:12]} Rxg2+ {[%clk 0:03:05]} 23. Kh1
{[%clk 0:00:16]} Qf3 {[%clk 0:02:57]} 24. Re3 {[%clk 0:00:00]} 0-1

[Event "Göteborg Open 2015"]
[Site "Biblioteksgatan 2, Mölnlycke, Sweden"]
[Date "2015.08.14"]
[Round "1.4"]
[White "Wiedenkeller, Michael"]
[Black "Westerlund, Ola"]
[Result "1-0"]
[BlackElo "1869"]
[WhiteElo "2453"]
[LiveChessVersion "1.4.6"]

1. d4 {[%clk 0:15:05]} d6 {[%clk 0:15:06]} 2. c4 {[%clk 0:15:04]} g6
{[%clk 0:15:04]} 3. Nc3 {[%clk 0:15:06]} Bg7 {[%clk 0:15:07]} 4. e4
{[%clk 0:15:09]} Nf6 {[%clk 0:15:08]} 5. f3 {[%clk 0:15:11]} O-O {[%clk 0:14:57]}
6. Bg5 {[%clk 0:15:13]} a6 {[%clk 0:13:30]} 7. Qd2 {[%clk 0:15:10]} c6
{[%clk 0:13:29]} 8. h4 {[%clk 0:14:43]} b5 {[%clk 0:13:12]} 9. Bh6
{[%clk 0:14:29]} e5 {[%clk 0:12:04]} 10. d5 {[%clk 0:14:09]} cxd5
{[%clk 0:10:58]} 11. Nxd5 {[%clk 0:13:51]} Nxd5 {[%clk 0:10:47]} 12. Bxg7
{[%clk 0:13:19]} Kxg7 {[%clk 0:10:41]} 13. cxd5 {[%clk 0:13:08]} f5
{[%clk 0:09:40]} 14. h5 {[%clk 0:12:28]} g5 {[%clk 0:05:02]} 15. h6+
{[%clk 0:12:21]} Kh8 {[%clk 0:05:00]} 16. exf5 {[%clk 0:09:18]} Bxf5
{[%clk 0:05:02]} 17. Ne2 {[%clk 0:08:44]} Nd7 {[%clk 0:02:35]} 18. Ng3
{[%clk 0:08:45]} Bg6 {[%clk 0:02:38]} 19. Rc1 {[%clk 0:07:27]} Nb6
{[%clk 0:01:27]} 20. Be2 {[%clk 0:06:07]} Rf4 {[%clk 0:01:24]} 21. Rc6
{[%clk 0:04:08]} Rd4 {[%clk 0:00:55]} 22. Qc1 {[%clk 0:04:11]} Nxd5
{[%clk 0:00:52]} 23. O-O {[%clk 0:04:02]} Be8 {[%clk 0:00:39]} 24. Nf5
{[%clk 0:03:36]} Bxc6 {[%clk 0:00:22]} 25. Nxd4 {[%clk 0:03:40]} Qb6
{[%clk 0:00:22]} 26. Qxc6 {[%clk 0:03:36]} Qxd4+ {[%clk 0:00:09]} 27. Rf2
{[%clk 0:03:40]} Rg8 {[%clk 0:00:09]} 28. Qxd6 {[%clk 0:03:38]} Qxb2
{[%clk 0:00:10]} 29. Qxd5 {[%clk 0:03:33]} Qc1+ {[%clk 0:00:08]} 30. Bf1
{[%clk 0:03:24]} Qf4 {[%clk 0:00:10]} 31. Re2 {[%clk 0:03:14]} 1-0

[Event "Göteborg Open 2015"]
[Site "Biblioteksgatan 2, Mölnlycke, Sweden"]
[Date "2015.08.14"]
[Round "1.5"]
[White "Berg, Roy"]
[Black "Zelbel, Patrick"]
[Result "0-1"]
[BlackElo "2450"]
[WhiteElo "1865"]
[LiveChessVersion "1.4.6"]

1. d4 {[%clk 0:15:08]} Nf6 {[%clk 0:15:09]} 2. Nf3 {[%clk 0:15:11]} e6
{[%clk 0:15:13]} 3. c4 {[%clk 0:15:14]} Bb4+ {[%clk 0:15:16]} 4. Bd2
{[%clk 0:14:58]} a5 {[%clk 0:15:20]} 5. g3 {[%clk 0:15:01]} d6 {[%clk 0:15:23]}
6. Bg2 {[%clk 0:15:04]} Nbd7 {[%clk 0:15:25]} 7. O-O {[%clk 0:15:05]} e5
{[%clk 0:15:25]} 8. Bg5 {[%clk 0:13:40]} exd4 {[%clk 0:15:08]} 9. Nxd4
{[%clk 0:13:38]} O-O {[%clk 0:15:02]} 10. Qc2 {[%clk 0:13:10]} h6
{[%clk 0:13:21]} 11. Bf4 {[%clk 0:12:15]} Re8 {[%clk 0:12:58]} 12. a3
{[%clk 0:11:53]} Bc5 {[%clk 0:13:01]} 13. Nb3 {[%clk 0:11:56]} Bb6
{[%clk 0:12:52]} 14. Nc3 {[%clk 0:11:58]} Qe7 {[%clk 0:10:34]} 15. Rad1
{[%clk 0:10:29]} a4 {[%clk 0:10:33]} 16. Nd2 {[%clk 0:09:56]} Nc5
{[%clk 0:10:09]} 17. h3 {[%clk 0:09:24]} Bd7 {[%clk 0:09:25]} 18. e4
{[%clk 0:08:31]} Ra5 {[%clk 0:08:24]} 19. Be3 {[%clk 0:08:04]} Bc6
{[%clk 0:07:53]} 20. Nd5 {[%clk 0:07:32]} Bxd5 {[%clk 0:07:24]} 21. exd5
{[%clk 0:07:23]} Raa8 {[%clk 0:07:03]} 22. Rde1 {[%clk 0:07:20]} Qf8
{[%clk 0:06:30]} 23. Bd4 {[%clk 0:07:12]} Ncd7 {[%clk 0:06:23]} 24. Bxb6
{[%clk 0:07:15]} Nxb6 {[%clk 0:06:26]} 25. Ne4 {[%clk 0:07:06]} Nxe4
{[%clk 0:06:22]} 26. Bxe4 {[%clk 0:06:46]} Nd7 {[%clk 0:06:03]} 27. Qc3
{[%clk 0:06:08]} Re5 {[%clk 0:04:06]} 28. Bc2 {[%clk 0:06:04]} Qe7
{[%clk 0:03:10]} 29. Rxe5 {[%clk 0:06:01]} Qxe5 {[%clk 0:03:10]} 30. Qd3
{[%clk 0:05:01]} g6 {[%clk 0:03:09]} 31. Qd2 {[%clk 0:03:49]} Kg7
{[%clk 0:03:03]} 32. Bd1 {[%clk 0:03:23]} Qf6 {[%clk 0:02:57]} 33. Re1
{[%clk 0:03:20]} Ne5 {[%clk 0:02:52]} 34. Qc3 {[%clk 0:03:05]} g5
{[%clk 0:02:55]} 35. Kg2 {[%clk 0:03:06]} b6 {[%clk 0:02:21]} 36. Qd4
{[%clk 0:02:52]} Nd7 {[%clk 0:02:17]} 37. Qxf6+ {[%clk 0:02:49]} Kxf6
{[%clk 0:02:21]} 38. f4 {[%clk 0:02:31]} gxf4 {[%clk 0:02:17]} 39. gxf4
{[%clk 0:02:34]} Nc5 {[%clk 0:02:21]} 40. Re3 {[%clk 0:02:26]} Rg8+
{[%clk 0:02:15]} 41. Kf2 {[%clk 0:02:28]} Rb8 {[%clk 0:02:18]} 42. Bc2
{[%clk 0:02:23]} b5 {[%clk 0:02:19]} 43. cxb5 {[%clk 0:01:55]} Rxb5
{[%clk 0:02:19]} 44. Bd1 {[%clk 0:01:26]} Rxb2+ {[%clk 0:02:23]} 45. Kg3
{[%clk 0:01:26]} Rd2 {[%clk 0:02:19]} 46. Be2 {[%clk 0:01:25]} Rxd5
{[%clk 0:02:19]} 47. Re8 {[%clk 0:01:22]} Rd2 {[%clk 0:02:21]} 48. Bg4
{[%clk 0:01:23]} Rd3+ {[%clk 0:02:20]} 49. Kh4 {[%clk 0:01:27]} Rxa3
{[%clk 0:02:24]} 50. Rh8 {[%clk 0:01:30]} Kg7 {[%clk 0:02:10]} 51. Rc8
{[%clk 0:01:29]} Na6 {[%clk 0:01:41]} 52. Ra8 {[%clk 0:01:31]} Nb4
{[%clk 0:01:44]} 53. Ra7 {[%clk 0:01:30]} Nd5 {[%clk 0:01:46]} 54. Bd7
{[%clk 0:01:23]} Kf6 {[%clk 0:01:34]} 55. Bc6 {[%clk 0:01:24]} Nxf4
{[%clk 0:01:31]} 56. Rxa4 {[%clk 0:01:19]} Ng6+ {[%clk 0:00:55]} 57. Kh5
{[%clk 0:01:07]} Rxh3+ {[%clk 0:00:53]} 0-1

[Event "Göteborg Open 2015"]
[Site "Biblioteksgatan 2, Mölnlycke, Sweden"]
[Date "2015.08.14"]
[Round "1.6"]
[White "Fries-Nielsen, Jens Ove"]
[Black "Storme, Isak"]
[Result "1-0"]
[BlackElo "1847"]
[WhiteElo "2434"]
[LiveChessVersion "1.4.6"]

1. a3 {[%clk 0:15:01]} e5 {[%clk 0:15:02]} 2. b4 {[%clk 0:15:05]} d5
{[%clk 0:14:48]} 3. Bb2 {[%clk 0:15:08]} Bd6 {[%clk 0:14:38]} 4. Nf3
{[%clk 0:15:06]} Qe7 {[%clk 0:13:50]} 5. e3 {[%clk 0:15:10]} Bg4 {[%clk 0:13:06]}
6. c4 {[%clk 0:14:29]} c6 {[%clk 0:12:00]} 7. cxd5 {[%clk 0:14:00]} cxd5
{[%clk 0:11:56]} 8. Nc3 {[%clk 0:13:47]} Nf6 {[%clk 0:11:41]} 9. Nb5
{[%clk 0:13:07]} e4 {[%clk 0:10:17]} 10. Nxd6+ {[%clk 0:12:53]} Qxd6
{[%clk 0:10:15]} 11. h3 {[%clk 0:12:46]} Bh5 {[%clk 0:10:15]} 12. g4
{[%clk 0:12:46]} Nxg4 {[%clk 0:09:44]} 13. Qa4+ {[%clk 0:12:38]} Nd7
{[%clk 0:08:34]} 14. hxg4 {[%clk 0:12:35]} Bxg4 {[%clk 0:08:31]} 15. Ne5
{[%clk 0:12:02]} Be6 {[%clk 0:06:36]} 16. Bb5 {[%clk 0:11:36]} f6
{[%clk 0:05:43]} 17. Ng6 {[%clk 0:10:27]} Rg8 {[%clk 0:05:15]} 18. Nf4
{[%clk 0:10:08]} Bf5 {[%clk 0:04:33]} 19. Rc1 {[%clk 0:09:09]} g5
{[%clk 0:03:56]} 20. Nxd5 {[%clk 0:08:47]} Qxd5 {[%clk 0:03:51]} 21. Bc4
{[%clk 0:08:49]} Qd6 {[%clk 0:02:45]} 22. Bxg8 {[%clk 0:08:47]} Bg4
{[%clk 0:02:33]} 23. Bd4 {[%clk 0:07:36]} Kf8 {[%clk 0:02:02]} 24. Bxh7
{[%clk 0:07:18]} Ne5 {[%clk 0:01:34]} 25. Bxe4 {[%clk 0:06:46]} Kg8
{[%clk 0:00:54]} 26. Qb3+ {[%clk 0:06:20]} 1-0

[Event "Göteborg Open 2015"]
[Site "Biblioteksgatan 2, Mölnlycke, Sweden"]
[Date "2015.08.14"]
[Round "1.7"]
[White "Onstad, Lars"]
[Black "Braun, Christian"]
[Result "0-1"]
[BlackElo "2420"]
[WhiteElo "1844"]
[LiveChessVersion "1.4.6"]

1. d4 {[%clk 0:15:07]} Nf6 {[%clk 0:15:07]} 2. c4 {[%clk 0:15:10]} g6
{[%clk 0:15:11]} 3. Nc3 {[%clk 0:15:13]} d5 {[%clk 0:15:14]} 4. Nf3
{[%clk 0:15:11]} Bg7 {[%clk 0:15:17]} 5. e3 {[%clk 0:14:58]} c5 {[%clk 0:15:11]}
6. Be2 {[%clk 0:14:20]} cxd4 {[%clk 0:15:12]} 7. exd4 {[%clk 0:14:23]} Nc6
{[%clk 0:15:15]} 8. O-O {[%clk 0:14:10]} O-O {[%clk 0:15:17]} 9. h3
{[%clk 0:13:51]} Be6 {[%clk 0:15:10]} 10. b3 {[%clk 0:12:31]} Ne4
{[%clk 0:14:20]} 11. Bb2 {[%clk 0:08:06]} Rc8 {[%clk 0:14:19]} 12. Nxd5
{[%clk 0:06:57]} Bxd5 {[%clk 0:14:22]} 13. cxd5 {[%clk 0:07:01]} Qxd5
{[%clk 0:14:26]} 14. Bc4 {[%clk 0:06:57]} Qh5 {[%clk 0:14:06]} 15. Re1
{[%clk 0:06:29]} Ng5 {[%clk 0:13:29]} 16. Ne5 {[%clk 0:05:52]} Qh4
{[%clk 0:12:47]} 17. Qg4 {[%clk 0:05:30]} Qxg4 {[%clk 0:12:23]} 18. hxg4
{[%clk 0:05:29]} Na5 {[%clk 0:11:48]} 19. f4 {[%clk 0:04:36]} Nxc4
{[%clk 0:11:51]} 20. Nxc4 {[%clk 0:04:38]} Ne6 {[%clk 0:11:50]} 21. f5
{[%clk 0:04:13]} Nf4 {[%clk 0:11:04]} 22. Rxe7 {[%clk 0:04:03]} Nd3
{[%clk 0:11:02]} 23. Rd1 {[%clk 0:03:16]} Nxb2 {[%clk 0:10:40]} 24. Nxb2
{[%clk 0:03:16]} Rfd8 {[%clk 0:10:04]} 25. Nc4 {[%clk 0:02:27]} Bxd4+
{[%clk 0:09:48]} 26. Kf1 {[%clk 0:02:15]} b5 {[%clk 0:09:51]} 27. Ne5
{[%clk 0:01:52]} Bxe5 {[%clk 0:05:39]} 28. Rxd8+ {[%clk 0:01:54]} Rxd8
{[%clk 0:05:43]} 29. Rxe5 {[%clk 0:01:58]} b4 {[%clk 0:05:30]} 30. f6
{[%clk 0:01:38]} h6 {[%clk 0:05:34]} 31. Re4 {[%clk 0:01:33]} a5 {[%clk 0:05:33]}
32. Re5 {[%clk 0:01:36]} Ra8 {[%clk 0:05:38]} 33. Ke2 {[%clk 0:01:38]} Ra6
{[%clk 0:05:34]} 34. Re8+ {[%clk 0:01:39]} Kh7 {[%clk 0:05:38]} 35. Re5
{[%clk 0:01:41]} Rxf6 {[%clk 0:04:15]} 36. Rxa5 {[%clk 0:01:36]} Rf4
{[%clk 0:04:19]} 37. Ra7 {[%clk 0:01:28]} Kg7 {[%clk 0:04:17]} 38. a4
{[%clk 0:01:06]} bxa3 {[%clk 0:04:19]} 39. Rxa3 {[%clk 0:01:10]} Rxg4
{[%clk 0:04:23]} 40. Kf3 {[%clk 0:01:10]} Rb4 {[%clk 0:04:27]} 0-1

[Event "Göteborg Open 2015"]
[Site "Biblioteksgatan 2, Mölnlycke, Sweden"]
[Date "2015.08.14"]
[Round "1.8"]
[White "Alvir, Aco"]
[Black "Sarwari, Hamidullah"]
[Result "1-0"]
[BlackElo "1839"]
[WhiteElo "2357"]
[LiveChessVersion "1.4.6"]

1. e4 {[%clk 0:15:04]} c5 {[%clk 0:15:05]} 2. Nf3 {[%clk 0:15:05]} d6
{[%clk 0:15:08]} 3. d4 {[%clk 0:15:06]} cxd4 {[%clk 0:15:12]} 4. Nxd4
{[%clk 0:15:07]} Nf6 {[%clk 0:15:15]} 5. Nc3 {[%clk 0:15:09]} a6 {[%clk 0:15:18]}
6. Be3 {[%clk 0:15:05]} e5 {[%clk 0:14:26]} 7. Nb3 {[%clk 0:15:07]} Be7
{[%clk 0:14:25]} 8. f3 {[%clk 0:15:08]} Nbd7 {[%clk 0:14:24]} 9. Qd2
{[%clk 0:15:08]} Qc7 {[%clk 0:13:59]} 10. g4 {[%clk 0:14:52]} Nc5
{[%clk 0:13:10]} 11. g5 {[%clk 0:14:46]} Nh5 {[%clk 0:11:56]} 12. Nd5
{[%clk 0:14:41]} Qd8 {[%clk 0:11:40]} 13. Nxe7 {[%clk 0:11:49]} Kxe7
{[%clk 0:10:59]} 14. Nxc5 {[%clk 0:11:45]} dxc5 {[%clk 0:10:46]} 15. Bxc5+
{[%clk 0:11:46]} Ke8 {[%clk 0:10:32]} 16. Qxd8+ {[%clk 0:10:13]} Kxd8
{[%clk 0:10:35]} 17. O-O-O+ {[%clk 0:10:14]} Kc7 {[%clk 0:09:57]} 18. Bd6+
{[%clk 0:10:11]} Kc6 {[%clk 0:09:29]} 19. Bxe5 {[%clk 0:10:13]} Be6
{[%clk 0:09:17]} 20. Be2 {[%clk 0:09:11]} Rhd8 {[%clk 0:08:54]} 21. f4
{[%clk 0:09:07]} g6 {[%clk 0:08:49]} 22. f5 {[%clk 0:09:04]} Bd7 {[%clk 0:07:58]}
23. Rd6+ {[%clk 0:09:02]} Kc5 {[%clk 0:08:01]} 24. Rhd1 {[%clk 0:09:02]} Bb5
{[%clk 0:06:35]} 25. R1d5+ {[%clk 0:08:57]} Kb4 {[%clk 0:06:37]} 26. Bc3+
{[%clk 0:06:57]} 1-0

[Event "Göteborg Open 2015"]
[Site "Biblioteksgatan 2, Mölnlycke, Sweden"]
[Date "2015.08.14"]
[Round "1.9"]
[White "Marcussen, Claus"]
[Black "Byklum, Björnar"]
[Result "0-1"]
[BlackElo "2283"]
[WhiteElo "1828"]
[LiveChessVersion "1.4.6"]

1. f4 {[%clk 0:15:07]} Nf6 {[%clk 0:15:01]} 2. Nf3 {[%clk 0:15:10]} g6
{[%clk 0:15:04]} 3. e3 {[%clk 0:15:14]} Bg7 {[%clk 0:15:07]} 4. d4
{[%clk 0:15:18]} O-O {[%clk 0:15:09]} 5. Bd3 {[%clk 0:15:21]} d6 {[%clk 0:15:02]}
6. O-O {[%clk 0:15:18]} c5 {[%clk 0:14:22]} 7. c3 {[%clk 0:15:19]} Nc6
{[%clk 0:14:24]} 8. Qc2 {[%clk 0:14:23]} b6 {[%clk 0:13:29]} 9. Nbd2
{[%clk 0:13:43]} Bb7 {[%clk 0:13:23]} 10. Ne4 {[%clk 0:13:26]} Rc8
{[%clk 0:12:59]} 11. Nxf6+ {[%clk 0:13:14]} Bxf6 {[%clk 0:13:01]} 12. d5
{[%clk 0:13:17]} Na5 {[%clk 0:11:24]} 13. c4 {[%clk 0:13:10]} b5 {[%clk 0:11:24]}
14. Bd2 {[%clk 0:12:54]} Nxc4 {[%clk 0:11:07]} 15. Bxc4 {[%clk 0:12:28]} bxc4
{[%clk 0:11:10]} 16. Rab1 {[%clk 0:12:31]} Bxd5 {[%clk 0:10:52]} 17. e4
{[%clk 0:12:30]} Bb7 {[%clk 0:10:41]} 18. Qxc4 {[%clk 0:12:17]} Qb6
{[%clk 0:10:30]} 19. Kh1 {[%clk 0:10:30]} Ba6 {[%clk 0:10:18]} 20. Qc2
{[%clk 0:10:14]} Bxf1 {[%clk 0:10:18]} 21. Rxf1 {[%clk 0:10:18]} Qxb2
{[%clk 0:10:13]} 22. Qd3 {[%clk 0:09:00]} c4 {[%clk 0:10:09]} 23. Qe3
{[%clk 0:08:35]} c3 {[%clk 0:09:57]} 24. Bc1 {[%clk 0:08:31]} Qxa2
{[%clk 0:09:57]} 25. Rf2 {[%clk 0:08:16]} c2 {[%clk 0:09:51]} 26. e5
{[%clk 0:08:03]} Bg7 {[%clk 0:09:45]} 27. Ng5 {[%clk 0:08:03]} dxe5
{[%clk 0:09:35]} 28. fxe5 {[%clk 0:07:36]} Qd5 {[%clk 0:07:48]} 0-1

[Event "Göteborg Open 2015"]
[Site "Biblioteksgatan 2, Mölnlycke, Sweden"]
[Date "2015.08.14"]
[Round "1.10"]
[White "Åkesson, Joel"]
[Black "Rajab, Schahin"]
[Result "1-0"]
[BlackElo "1791"]
[WhiteElo "2264"]
[LiveChessVersion "1.4.6"]

1. g3 d5 2. Nf3 c5 3. Bg2 Nf6 4. O-O Nc6 5. d4 e6 6. c4 dxc4 7. dxc5 Qxd1 8. Rxd1
Bxc5 9. Nbd2 O-O 10. Nxc4 Bd7 11. Bg5 Rfd8 12. Nfe5 Nxe5 13. Nxe5 Bb5 14. Bxb7
Rxd1+ 15. Rxd1 Rb8 16. Bf3 Bxe2 17. Bxe2 Bxf2+ 18. Kxf2 Ne4+ 19. Ke3 Nxg5 20. Nc6
Rc8 21. Ne7+ Rb8 22. Nc6 Ra8 23. Ke4 1-0

[Event "Göteborg Open 2015"]
[Site "Biblioteksgatan 2, Mölnlycke, Sweden"]
[Date "2015.08.14"]
[Round "2.1"]
[White "Rozentalis, Eduardas"]
[Black "Svensson, Leif"]
[Result "1-0"]
[BlackElo "2106"]
[WhiteElo "2528"]
[LiveChessVersion "1.4.6"]

1. e4 {[%clk 0:15:08]} e5 {[%clk 0:15:08]} 2. Nf3 {[%clk 0:15:11]} Nc6
{[%clk 0:15:11]} 3. Bb5 {[%clk 0:15:14]} a6 {[%clk 0:15:14]} 4. Bxc6
{[%clk 0:15:16]} dxc6 {[%clk 0:15:17]} 5. Nc3 {[%clk 0:15:18]} Bd6
{[%clk 0:15:11]} 6. d4 {[%clk 0:15:10]} f6 {[%clk 0:15:01]} 7. dxe5
{[%clk 0:15:00]} fxe5 {[%clk 0:15:04]} 8. Nxe5 {[%clk 0:14:39]} Qf6
{[%clk 0:14:32]} 9. Nc4 {[%clk 0:13:57]} Bb4 {[%clk 0:13:39]} 10. Qh5+
{[%clk 0:12:47]} g6 {[%clk 0:13:08]} 11. Qe5+ {[%clk 0:12:50]} Be6
{[%clk 0:13:10]} 12. Bg5 {[%clk 0:11:55]} Qxe5 {[%clk 0:09:50]} 13. Nxe5
{[%clk 0:11:58]} Bd6 {[%clk 0:09:53]} 14. Nd3 {[%clk 0:11:48]} h6
{[%clk 0:09:09]} 15. Bf4 {[%clk 0:11:44]} O-O-O {[%clk 0:09:05]} 16. O-O-O
{[%clk 0:11:18]} g5 {[%clk 0:08:56]} 17. Bxd6 {[%clk 0:11:13]} cxd6
{[%clk 0:08:59]} 18. e5 {[%clk 0:10:13]} d5 {[%clk 0:08:23]} 19. Ne2
{[%clk 0:09:29]} c5 {[%clk 0:08:17]} 20. Nxc5 {[%clk 0:09:27]} 1-0

[Event "Göteborg Open 2015"]
[Site "Biblioteksgatan 2, Mölnlycke, Sweden"]
[Date "2015.08.14"]
[Round "2.2"]
[White "Dahl, Trygve"]
[Black "Blomqvist, Erik"]
[Result "0-1"]
[BlackElo "2508"]
[WhiteElo "2090"]
[LiveChessVersion "1.4.6"]

1. e4 {[%clk 0:15:08]} c5 {[%clk 0:15:09]} 2. Nf3 {[%clk 0:15:12]} e6
{[%clk 0:15:13]} 3. d4 {[%clk 0:15:17]} cxd4 {[%clk 0:15:17]} 4. Nxd4
{[%clk 0:15:21]} a6 {[%clk 0:15:21]} 5. Nc3 {[%clk 0:15:24]} b5 {[%clk 0:15:12]}
6. a3 {[%clk 0:15:20]} d6 {[%clk 0:14:43]} 7. g3 {[%clk 0:15:23]} Bb7
{[%clk 0:13:18]} 8. Bg2 {[%clk 0:15:19]} Nf6 {[%clk 0:13:20]} 9. O-O
{[%clk 0:15:17]} Qc7 {[%clk 0:13:20]} 10. h3 {[%clk 0:15:02]} Be7
{[%clk 0:13:22]} 11. Kh2 {[%clk 0:15:05]} Nbd7 {[%clk 0:13:03]} 12. f4
{[%clk 0:14:47]} h5 {[%clk 0:12:53]} 13. Nde2 {[%clk 0:14:42]} Qb6
{[%clk 0:11:32]} 14. Qd3 {[%clk 0:13:24]} Nc5 {[%clk 0:09:01]} 15. Qd4
{[%clk 0:13:14]} e5 {[%clk 0:08:35]} 16. Qe3 {[%clk 0:12:24]} Rc8
{[%clk 0:08:01]} 17. Nd5 {[%clk 0:10:44]} Bxd5 {[%clk 0:06:36]} 18. exd5
{[%clk 0:10:44]} Ncd7 {[%clk 0:06:37]} 19. c3 {[%clk 0:09:44]} Bd8
{[%clk 0:06:30]} 20. Nd4 {[%clk 0:09:19]} Qc5 {[%clk 0:05:14]} 21. Nf5
{[%clk 0:08:37]} Kf8 {[%clk 0:03:51]} 22. Re1 {[%clk 0:07:07]} Bb6
{[%clk 0:02:32]} 23. Qxc5 {[%clk 0:06:19]} Bxc5 {[%clk 0:02:37]} 24. b4
{[%clk 0:05:59]} Bb6 {[%clk 0:02:13]} 25. Bd2 {[%clk 0:04:07]} Bc7
{[%clk 0:01:53]} 26. fxe5 {[%clk 0:02:14]} Nxe5 {[%clk 0:01:56]} 27. Rxe5
{[%clk 0:02:18]} dxe5 {[%clk 0:01:57]} 28. Be3 {[%clk 0:02:19]} Nd7
{[%clk 0:01:31]} 29. Bc5+ {[%clk 0:01:50]} Nxc5 {[%clk 0:01:33]} 30. bxc5
{[%clk 0:01:54]} g6 {[%clk 0:01:11]} 31. Ne3 {[%clk 0:01:44]} Bb8
{[%clk 0:00:46]} 32. c6 {[%clk 0:01:49]} Ke7 {[%clk 0:00:44]} 33. a4
{[%clk 0:01:21]} Bd6 {[%clk 0:00:18]} 34. axb5 {[%clk 0:00:48]} axb5
{[%clk 0:00:23]} 35. Ra5 {[%clk 0:00:50]} b4 {[%clk 0:00:09]} 36. c4
{[%clk 0:00:48]} Ra8 {[%clk 0:00:08]} 37. Rb5 {[%clk 0:00:49]} Rhb8
{[%clk 0:00:10]} 38. Rb7+ {[%clk 0:00:27]} Rxb7 {[%clk 0:00:13]} 39. cxb7
{[%clk 0:00:31]} Rb8 {[%clk 0:00:15]} 40. c5 {[%clk 0:00:31]} Bxc5
{[%clk 0:00:19]} 41. Nc4 {[%clk 0:00:32]} b3 {[%clk 0:00:16]} 42. Nxe5
{[%clk 0:00:22]} b2 {[%clk 0:00:09]} 43. Nc6+ {[%clk 0:00:22]} Kd6
{[%clk 0:00:13]} 44. Be4 {[%clk 0:00:07]} Rxb7 {[%clk 0:00:17]} 45. Bb1
{[%clk 0:00:11]} Kxd5 {[%clk 0:00:16]} 46. Nd8 {[%clk 0:00:09]} Rd7
{[%clk 0:00:17]} 47. Nxf7 {[%clk 0:00:07]} Rxf7 {[%clk 0:00:20]} 48. Ba2+
{[%clk 0:00:09]} Ke5 {[%clk 0:00:24]} 49. Bxf7 {[%clk 0:00:11]} b1=Q
{[%clk 0:00:27]} 50. Bxg6 {[%clk 0:00:15]} Qg1# {[%clk 0:00:31]} 0-1